Szczegóły MARC21

Człowiek i środowisko przyrodnicze Pomorza Zachodniego. 2, Środowisko abiotyczne /

003 -Nazwa inst., której nr kontr. jest w polu 001 [,]
    • @
    • Nazwa instytucji, której n kontrolny jest w polu 001
    • NUKAT
005 -DATA I CZAS OSTATNIEJ MODYFIKACJI [,]
    • @
    • pole kontrolne
    • 20241231105737.0
020 -Międzynarod. znormalizowany nr książki - ISBN [ , ]
    • a
    • Numer ISBN
    • 8389402041 Find
040 -Instytucja sporządzająca opis [ , ]
    • a
    • Instytucja, która sporządziła opis (NP)
    • TOR U/MKO
    • c
    • Instytucja, która sporządziła rekord (NP)
    • TOR U/MKO
    • d
    • Instytucja, która zmodyfikowała rekord (P)
    • TOR U/LF
    • d
    • Instytucja, która zmodyfikowała rekord (P)
    • WA N/PBej
    • d
    • Instytucja, która zmodyfikowała rekord (P)
    • WA N/PBmas
041 -Język dokumentu [0, ]
    • a
    • Język tekstu (P)
    • polski
    • b
    • Język streszczeń lub abstraktu (P)
    • angielski
942 -Rodzaj dokumentu [ , ]
    • c
    • Rodzaj dokumentu
    • Książka
245 -Strefa tytułu i oznaczenia odpowiedzialności [0,0]
    • a
    • Tytuł
    • Człowiek i środowisko przyrodnicze Pomorza Zachodniego. Find
    • n
    • Oznaczenie części (P)
    • 2,
    • p
    • Nazwa części (P)
    • Środowisko abiotyczne /
    • c
    • Pozostałe elementy strefy tytułu i oznaczenia odpowiedzialności (NP)
    • pod red. Ryszarda K. Borówki i Andrzeja Witkowskiego ; Uniwersytet Szczeciński. Wydział Nauk Przyrodniczych.
260 -Strefa adresu wydawniczego [ , ]
    • a
    • Miejsce wydania (P)
    • Szczecin :
    • b
    • Nazwa wydawcy (P)
    • Oficyna In Plus,
    • c
    • Data wydania (P)
    • 2003.
300 -Strefa opisu fizycznego [ , ]
    • a
    • Określenie formy książki i/lub objętość (NP)
    • 227, [1] s. :
    • b
    • Oznaczenie ilustracji (NP)
    • il. (w tym kolor.) ;
    • c
    • Format (NP)
    • 30 cm.
336 -Typ zawartości [ , ]
    • a
    • Termin opisujący typ zawartości
    • Tekst
    • b
    • Kod określający zawartość
    • txt
    • 2
    • Źródło (terminu i kodu)
    • rdacontent
337 -Typ mediów [ , ]
    • a
    • Tryb odtwarzania
    • Bez urządzenia pośredniczącego
    • b
    • Kod typu mediów
    • n
    • 2
    • Źródło (terminu i kodu)
    • rdamedia
338 -Typ/rodzaj nośnika [ , ]
    • a
    • Hasło opisujące typ nośnika
    • Wolumin
    • b
    • Kod typu nośnika
    • nc
    • 2
    • Źródło (terminu i kodu)
    • rdacarrier
504 -Uwaga dot. bibliogr. załącznikowej [ , ]
    • a
    • Uwaga dot. bibliografii załącznikowej
    • Bibliogr. przy art.
546 -Uwaga dot. języka [ , ]
    • a
    • Uwaga dot. języka
    • Streszcz. ang. Spis treści także ang.
080 -Uniwersalna Klasyfikacja Dziesiętna [ , ]
    • a
    • Symbol klasyfikacji
    • 502.3(438)Pomorze Zachodnie
080 -Uniwersalna Klasyfikacja Dziesiętna [ , ]
    • a
    • Symbol klasyfikacji
    • +502.6(438)Pomorze Zachodnie
080 -Uniwersalna Klasyfikacja Dziesiętna [ , ]
    • a
    • Symbol klasyfikacji
    • +504.7(438)Pomorze Zachodnie
650 -Hasło przedmiotowe [ ,7]
    • a
    • Hasło przedmiotowe
    • Geografia fizyczna
    • z
    • Określnik geograficzny
    • Polska
    • z
    • Określnik geograficzny
    • Pomorze Zachodnie (region).
    • 2
    • Źródło terminu
    • kaba
    • 9
    • KHW
    • 393221
650 -Hasło przedmiotowe [ ,7]
    • a
    • Hasło przedmiotowe
    • Paleośrodowisko
    • z
    • Określnik geograficzny
    • Polska
    • z
    • Określnik geograficzny
    • Pomorze Zachodnie (region)
    • y
    • Określnik chronologiczny
    • holocen.
    • 2
    • Źródło terminu
    • kaba
    • 9
    • KHW
    • 610054
650 -Hasło przedmiotowe [ ,7]
    • a
    • Hasło przedmiotowe
    • Geologia
    • 2
    • Źródło terminu
    • DBN
    • 9
    • KHW
    • 723014
650 -Hasło przedmiotowe [ ,7]
    • a
    • Hasło przedmiotowe
    • Środowisko przyrodnicze
    • 2
    • Źródło terminu
    • DBN
    • 9
    • KHW
    • 721772
651 -Hasło przedmiotowe w formie nazwy geograficznej [ ,7]
    • a
    • Nazwa geograficzna
    • Pomorze Zachodnie
    • 2
    • Źródło terminu
    • DBN
    • 9
    • KHW
    • 721757
658 -Ujęcie treści [ , ]
    • a
    • dziedzina nauki i sztuki/ sfera aktywności życiowej
    • Geografia i nauki o Ziemi
980 -Symbol UKD [ , ]
    • a
    • UKD
    • 502.3(438)Pomorze Zachodnie+502.6(438)Pomorze Zachodnie+504.7(438)Pomorze Zachodnie
700 -Hasło dodatkowe - nazwa osobowa [1, ]
    • a
    • Nazwa osobowa (NP)
    • Borówka, Ryszard Krzysztof Find
    • d
    • Daty biograficzne (NP)
    • (1949- ).
    • e
    • Określenie rodzaju współpracy
    • Red.
    • 9
    • KHW
    • 19492
700 -Hasło dodatkowe - nazwa osobowa [1, ]
    • a
    • Nazwa osobowa (NP)
    • Witkowski, Andrzej Find
    • d
    • Daty biograficzne (NP)
    • (1955-2023).
    • e
    • Określenie rodzaju współpracy
    • Red.
    • 9
    • KHW
    • 593365
920 -ISBN [ , ]
    • a
    • ISBN
    • 83-89402-04-1 Find
Lokalizacja Data inwentaryzacji Status udost. Numer inwentarzowy Sygnatura
BG2004-06-291Z.103144Z.103143
BG2004-06-292Z.103145Z.103145
BG2024-12-20-3WM.29243